[Event "Budapest-chT1 Lilienthal 1516"]
[Site "Budapest"]
[Date "2015.09.20"]
[Round "1"]
[White "Gelle, Istvan"]
[Black "Kelemen, Gabor"]
[Result "0-1"]
[WhiteElo "2261"]
[BlackElo "2128"]
[PlyCount "74"]
[EventDate "2015.09.20"]
[EventType "team-tourn"]
[EventRounds "9"]
[EventCountry "HUN"]
[SourceTitle "EXT 2021"]
[Source "ChessBase"]
[SourceDate "2020.10.23"]
[SourceVersion "1"]
[SourceVersionDate "2020.10.23"]
[SourceQuality "1"]
[WhiteTeam "Fabulon"]
[BlackTeam "Taban Spartacus II"]
[WhiteTeamCountry "HUN"]
[BlackTeamCountry "HUN"]

1. d4 f5 2. Bf4 Nf6 3. e3 e6 4. Nf3 Be7 5. h3 0-0 6. Nbd2 d6 7. Be2 Qe8 8. 0-0 h6 9. Bh2 g5 10. c3 Nc6 11. a4 Kh8 12. Nc4 Rg8 13. b4 Ne4 14. Rc1 Qg6 15. b5 Nd8 16. Nfd2 Nf6 17. g4 h5 18. gxh5 Qh6 19. e4 g4 20. e5 Nxh5 21. hxg4 Nf4 22. Bxf4 Qxf4 23. Kg2 Nf7 24. Rh1+ Kg7 25. gxf5 Kf8+ 26. Kf1 dxe5 27. dxe5 exf5 28. Nf3 Bc5 29. Qd2 Qg4 30. Nh4 Qe4 31. Rh2 Be6 32. Ne3 Rd8 33. Qc2 Qf4 34. Nf3 Nxe5 35. Rh3 Bxe3 36. fxe3 Qg4 37. Ke1 Qxh3 0-1

[Event "Budapest-chT1 Lilienthal 1213"]
[Site "Budapest"]
[Date "2013.05.05"]
[Round "11"]
[White "Pesztericz, Laszlo"]
[Black "Kelemen, Gabor"]
[Result "0-1"]
[WhiteElo "2120"]
[BlackElo "2163"]
[PlyCount "64"]
[EventDate "2012.09.30"]
[EventType "team-tourn"]
[EventRounds "11"]
[EventCountry "HUN"]
[SourceTitle "EXT 2019"]
[Source "ChessBase"]
[SourceDate "2018.10.10"]
[SourceVersion "1"]
[SourceVersionDate "2018.10.10"]
[SourceQuality "1"]
[WhiteTeam "Budapest Vasas II"]
[BlackTeam "Taban Spartacus II"]
[WhiteTeamCountry "HUN"]
[BlackTeamCountry "HUN"]

1. e4 c5 2. Nc3 Nc6 3. g3 g6 4. Bg2 Bg7 5. d3 d6 6. Be3 e6 7. Qd2 Nd4 8. Nd1 Rb8 9. c3 Nc6 10. Ne2 Nge7 11. 0-0 0-0 12. f4 f5 13. Bf2 b6 14. Ne3 Qc7 15. Rac1 e5 16. d4 exd4 17. cxd4 fxe4 18. Bxe4 Ba6 19. dxc5 bxc5 20. b3 Qd7 21. Rfd1 Bxe2 22. Qxe2 Nd4 23. Qc4+ Kh8 24. Nc2 d5 25. Qxc5 Ne2+ 26. Kg2 Nxc1 27. Ne3 Rbc8 28. Qa3 Ne2 29. Nxd5 Nxd5 30. Rxd5 Qg4 31. Kf1 Rc1+ 32. Be1 Nxf4 0-1

[Event "Budapest-chT1 Lilienthal 1112"]
[Site "Budapest"]
[Date "2011.12.04"]
[Round "4"]
[White "Kelemen, Gabor"]
[Black "Prorok, Marton"]
[Result "0-1"]
[WhiteElo "2189"]
[BlackElo "2236"]
[PlyCount "80"]
[EventDate "2011.10.02"]
[EventType "team-tourn"]
[EventRounds "11"]
[EventCountry "HUN"]
[SourceTitle "EXT 2020"]
[Source "ChessBase"]
[SourceDate "2019.10.17"]
[SourceVersion "1"]
[SourceVersionDate "2019.10.17"]
[SourceQuality "1"]
[WhiteTeam "Taban Spartacus II"]
[BlackTeam "Fabulon"]
[WhiteTeamCountry "HUN"]
[BlackTeamCountry "HUN"]

1. e4 e5 2. Nf3 Nc6 3. Bb5 a6 4. Ba4 f5 5. Nc3 fxe4 6. Nxe4 b5 7. Bb3 d5 8. Nc3 Nf6 9. d4 exd4 10. Nxd4 Nxd4 11. Qxd4 Qe7+ 12. Qe3 c6 13. 0-0 Qxe3 14. Bxe3 Bd6 15. a4 b4 16. Ne2 0-0 17. Bf4 Bc5 18. Be5 Re8 19. Bd4 Bxd4 20. Nxd4 c5 21. Nf3 Bg4 22. Rfe1 Bxf3 23. gxf3 Rxe1+ 24. Rxe1 c4 25. Ba2 Re8 26. Rxe8+ Nxe8 27. Kf1 Nc7 28. Ke2 Ne6 29. Ke3 a5 30. f4 g6 31. c3 b3 32. Bb1 Nc5 33. Kd4 Nxa4 34. Kxd5 Nxb2 35. Kc5 Kf7 36. f3 a4 37. Kb4 Kf6 38. Ka3 Nd1 39. Kb4 Nxc3 40. Kxc3 a3 0-1

[Event "HUN-chT 1011"]
[Site "Hungary"]
[Date "2011.05.01"]
[Round "10"]
[White "Dobos, Jozsef"]
[Black "Kelemen, Gabor"]
[Result "0-1"]
[WhiteElo "2274"]
[BlackElo "2184"]
[PlyCount "81"]
[EventDate "2010.10.10"]
[EventType "team-tourn"]
[EventRounds "11"]
[EventCountry "HUN"]
[SourceTitle "EXT 2012"]
[Source "ChessBase"]
[SourceDate "2011.11.24"]
[SourceVersion "1"]
[SourceVersionDate "2011.11.24"]
[SourceQuality "1"]
[WhiteTeam "Csuti"]
[BlackTeam "Taban Spartacus"]
[WhiteTeamCountry "HUN"]
[BlackTeamCountry "HUN"]

1. d4 Nf6 2. c4 e6 3. Nc3 Bb4 4. e3 c5 5. a3 Bxc3+ 6. bxc3 d6 7. Ne2 Nc6 8. Ng3 e5 9. Bd3 Qe7 10. d5 Nd8 11. e4 h6 12. 0-0 g5 13. f3 b6 14. Be3 Nb7 15. Bc2 Na5 16. Ba4+ Kd8 17. Qd3 Kc7 18. Rab1 Rg8 19. Qe2 h5 20. Bc2 h4 21. Nf5 Bxf5 22. exf5 Qd7 23. Rb5 a6 24. Rb2 g4 25. f4 e4 26. Rfb1 Rab8 27. Qf1 Qxf5 28. Bd1 Rg6 29. Be2 Nh5 30. Qc1 Rf6 31. Qd1 Nxf4 32. Bxg4 Qg6 33. h3 Nd3 34. Qa4 Ne5 35. Rxb6 Rxb6 36. Qxa5 Nxc4 37. Qa4 Rxb1+ 38. Kh2 Ne5 39. Qa5+ Rb6 40. Bxc5 Nxg4+ 41. hxg4 0-1

[Event "HUN-chT2 0102"]
[Site "Hungary"]
[Date "2002.03.24"]
[Round "9"]
[White "Kiss, Peter"]
[Black "Kelemen, Gabor"]
[Result "1/2-1/2"]
[WhiteElo "2172"]
[BlackElo "2221"]
[PlyCount "65"]
[EventDate "2001.??.??"]
[EventType "team"]
[EventRounds "11"]
[EventCountry "HUN"]
[SourceTitle "EXT 2004"]
[Source "ChessBase"]
[SourceDate "2003.11.25"]
[SourceVersion "1"]
[SourceVersionDate "2003.11.25"]
[SourceQuality "1"]

1. d4 Nf6 2. c4 e6 3. Nc3 Bb4 4. Qc2 c5 5. e3 b6 6. a3 Bxc3+ 7. Qxc3 Bb7 8. Nf3 Ne4 9. Qc2 f5 10. Bd3 0-0 11. 0-0 d6 12. Nd2 Nf6 13. dxc5 bxc5 14. e4 f4 15. Nf3 e5 16. b4 Nc6 17. bxc5 dxc5 18. Bb2 Qe7 19. Rab1 Rab8 20. Bc3 Nd7 21. Rb5 Nd4 22. Bxd4 exd4 23. Rfb1 Bc6 24. Rxb8 Rxb8 25. Rxb8+ Nxb8 26. e5 Bxf3 27. Bxh7+ Kh8 28. gxf3 Nd7 29. Be4 Qxe5 30. Qa4 Qc7 31. Qa6 Nf6 32. Bd3 Qd7 33. Qa5 1/2-1/2